An introduction to GEDAP : an integrated software system for experiment control, data acquisition and data analysis /

Bibliographic Details
Main Author: Funke, E. R.
Other Authors: Crookshank, N. L., Wingham, M.
Format: Book
Language:English
Published: [Place of publication not identified] : Ottawa : Division of Mechanical Engineering, Hydraulics Laboratory, [1980]
Series:Laboratory technical report (National Research Council Canada. Hydraulics Laboratory) ; LTR-HY-75.
Subjects:

MARC

Tag First Indicator Second Indicator Subfields
LEADER 00000cam a22000005a 4500
001 in00001034613
005 20150928153946.0
008 910522s1980 onc tb f000 0 eng d
035 |a (OCoLC)23819584 
035 |9 AFH6749AM 
040 |a AFM  |c AFM  |d TXA  |d UtOrBLW 
049 |a TXAM 
090 |a TC157.8  |b .F86 1980 
100 1 |a Funke, E. R. 
245 1 3 |a An introduction to GEDAP :  |b an integrated software system for experiment control, data acquisition and data analysis /  |c by E.R. Funke, N.L. Crookshank, and M. Wingham. 
264 1 |a [Place of publication not identified] :  |b Ottawa :  |b Division of Mechanical Engineering, Hydraulics Laboratory,  |c [1980] 
300 |a iv, 30 pages :  |b illustrations 
336 |a text  |b txt  |2 rdacontent 
337 |a unmediated  |b n  |2 rdamedia 
338 |a volume  |b nc  |2 rdacarrier 
490 1 |a Laboratory technical report ;  |v LTR HY 75 
504 |a Includes bibliographical references. 
650 0 |a Hydraulic engineering  |x Data processing. 
700 1 |a Crookshank, N. L. 
700 1 |a Wingham, M. 
830 0 |a Laboratory technical report (National Research Council Canada. Hydraulics Laboratory) ;  |v LTR-HY-75. 
999 |a MARS 
999 f f |s fa9987dc-bf5c-3d85-9c79-32259afa8042  |i ff9cb04a-6d87-3435-9690-9c4b06fe5033  |t 0 
952 f f |p ric  |a Texas A&M University  |b Rellis Campus  |c Joint Library Facility  |d Remote Storage  |t 0  |e TC157.8 .F86 1980  |h Library of Congress classification  |i unmediated -- volume  |m A14816390973 
998 f f |a TC157.8 .F86 1980  |t 0  |l Remote Storage